01488cam a22003854i 4500003000900000005001700009008004100026020001500067020001800082035002000100040003300120082001700153100003000170245007300200264004500273300005800318336002100376337002500397338002300422504003300445505048600478526001000964526001000974526001000984526001000994526000801004526000801012526000801020526000801028526000801036526000801044526000801052650001401060650002801074PE-LiUPU20250731173107.0181207s2018 miua r 001 0 eng d a1540960005 a9781540960009 a(Sirsi) a250953 aPE-LiUPUbspacPE-LiUPUerda04a261bM862231 aMoreau, A. Scott,eautor.10aContextualizing the faith :ba holistic approach /cA. Scott Moreau. 1aGrand Rapids :bBaker Academic,c[2018]. axv,256 páginas :bilustraciones ;c23 centímetros atext2rdacontent aunmediated2rdamedia avolume2rdacarrier aÍndice: páginas 249-256.0 aSetting the stage: what is contextualization? -- The social dimension: introduction, association, and kinship -- The social dimension as exchange: economics -- The social dimension as learning: education -- The social dimension as organizational: politics -- The mythic dimension -- The ethical dimension -- The artistic and technological dimension -- The ritual dimension -- The experience dimension: the supernatural -- The doctrinal dimension -- The future of contextualization. aSEG42 aSEG41 aSEG40 aSEG39 aP94 aP87 aP86 aP85 aP77 aP76 aP3504aMisiones.04aCristianismo y cultura.